Statistics for Best One-Name Footballers of 2019

Click here to take the quiz!

General Stats

  • This quiz has been taken 34 times
  • The average score is 3 of 9

Answer Stats

ranksurnameplayer% Correct
9BeckerAlisson
100%
31SantosNeymar
58%
40MoraesEderson
39%
77MeloArthur
29%
61-Casemiro
16%
92SoaresEverton
10%
62FrelloJorginho
10%
71CorrêaMarquinhos
10%
34TavaresFabinho
6%

Score Distribution

Percentile by Number Answered

Percent of People with Each Score

Your Score History

You have not taken this quiz